عرض عادي
عرض مارك
- Literature
مدخل مصطلح موضوعي
001 - رقم الضبط
- حقل الضبط: 8639
003 - معرف رقم الضبط
- حقل الضبط: OSt
005 - تاريخ ووقت أخر عملية
- حقل الضبط: 20111215104220.0
008 - عناصر بيانات ثابتة الطول
- حقل تحكم ثابت الطول: 111215|||a|||||| | ||| d
040 ## - مصدر الفهرسة
- هيئة الفهرسة الأصلية: OSt
- وكالة الكتابة: OSt
150 ## - مدخل-- مصطلح تاريخي
- عنصر مدخل المصطلح الموضوعي او الاسم الجغرافي: Literature
- تفريع عام: Translations into English
- تفريع عام: History and criticism.
670 ## - بيانات المصدر موجوده
- الاستشهاد بالمصدر: Work cat.: (OSt)0: The Oxford history of literary translation in English /, <2005-2010>
